000 01416nam a2200301 i 4500
001 8417
003 KOSZ 005
005 20191016111604.0
008 080513s1964 pl a f f 000 0 pol
015 _aPB 1964/6607
040 _aWA N
_cKOSZ 005/RW
_dKOSZ 005/RW
080 _a621.3(075)
100 1 _aGrzesiczak, Zygmunt.
_eAutor.
245 1 0 _aKonstrukcje mechaniczne i mechanizmy w urządzeniach elektrycznych i teletechnicznych /
_cZygmunt Grzesiczak ; [rozdz. 25-30 oprac. przy współpr. S. Grędy].
250 _aWyd. 2.
260 _aWarszawa :
_bPaństwowe Wydawnictwo Szkolnictwa Zawodowego,
_c1964.
300 _a326, [1] s. :
_bil. ;
_c23 cm.
380 _aKsiążki.
504 _aBibliogr. s. 326-[327].
521 8 _aPodręcznik zastępczy dla kl. 1 i 2 technikum telekomunikacyjnego specjalność radiotechnika, teletechnika łączeniowa i teletransmisji, elektronika, również dla personelu inżynieryjno-technicznego biur konstrukcyjnych przemysłu elektronicznego.
650 4 _aElektronika
_xurządzenia.
650 4 _aTelekomunikacja
_xurządzenia.
655 4 _aPodręczniki dla szkół zawodowych
700 1 _aGręda, Stanisław.
_eOprac.
710 2 _aPaństwowe Wydawnictwo Szkolnictwa Zawodowego
_4pbl.
856 _uhttp://koha.tu.koszalin.pl/cgi-bin/koha/opac-detail.pl?biblionumber=8417
_yKatalog online BPK
942 _2UKD
_cKS
999 _c8417
_d8417